| 000 | 01559nam a22003497a 4500 | ||
|---|---|---|---|
| 005 | 20240530110412.0 | ||
| 008 | 150222s2012 ua cf f b 000 0bara d | ||
| 017 |
_a15249/2010 _bمصر . دار الكتب المصرية |
||
| 020 | _a9771439006 | ||
| 040 | _aEG-CaGPL | ||
| 041 | 0 | _aara | |
| 082 | 0 | 4 |
_221 _a709.04 _bط/ع أ |
| 100 | 0 | _aعدلى رزق الله | |
| 245 | 1 | 2 |
_aالمدارس الفنية فى القرن العشرين : _b1900 - 1950 / _cتاليف عدلى رزق الله ، تمر رزق الله ؛ اشراف داليا محمد ابراهيم |
| 250 | _aط2 | ||
| 260 |
_aالقاهرة : _bنهضة مصر للطباعة والنشر والتوزيع ، _c2012 |
||
| 300 |
_a79 ص : _bصور ، لو ؛ _c20 سم |
||
| 490 | 0 |
_aاقرأ .. اقرأ .. اقرأ وتعلم فى مكتبة عدلى رزق الله التشكيلية ؛ _v3 |
|
| 504 | _aيشتمل على ارجاعات ببليوجرافية | ||
| 600 | 0 | 4 | _aبيكاسو |
| 600 | 0 | 4 | _aبول سيزان |
| 650 | 0 | 4 |
_aالفن _xتاريخ وند _yالقرن العشرين ( 1900 - 1950 ) |
| 650 | 0 | 4 |
_aالفن _xمدارس |
| 650 | 0 | 4 |
_aالفن _xالمدرسة الوحشية |
| 650 | 0 | 4 |
_aالفن _xالمدرسة التعبيرية |
| 650 | 0 | 4 |
_aالفن _xالمدرسة التكعيبية |
| 650 | 0 | 4 |
_aالفن _xالمدرسة التجريبية |
| 650 | 0 | 4 |
_aالفن _xالمدرسة السوريالية |
| 700 | 0 |
_aتمر رزق الله _eمؤلف مشارك |
|
| 942 |
_2ddc _cBK |
||
| 999 |
_c60487 _d60487 |
||